| 000 | 01062nam0a22002531 4500 | ||
|---|---|---|---|
| 001 | rc\309222 | ||
| 005 | 20030307122006.2 | ||
| 035 | _a(NLR Aleph) 005544346 | ||
| 090 |
_a5743665 _c5743665 |
||
| 100 | _a20030307d1990 u |0rusy50 ca | ||
| 101 | 0 | _arus | |
| 102 | _aRU | ||
| 105 | _aa ||||||||| | ||
| 200 | 1 |
_aСхемотехника интегральной магнитной памяти _eУчеб. пособие [для студентов спец., 2201 "Вычисл. машины, комплексы, системы и сети", 2202 - "Автоматизир. системы упр." и др.] _fГос. ком. РСФСР по делам науки и высш. шк. Ом. политехн. ин-т |
|
| 210 |
_aОмск _cОмПИ _d1990 |
||
| 215 |
_a72 с. _cил. _d20 |
||
| 320 | _aБиблиогр.: с. 71-72 | ||
| 700 | 1 |
_aНестерчук _bГ. Ф. _gГеннадий Филиппович |
|
| 701 | 1 |
_aГиль _bВ. Т. |
|
| 801 | 0 |
_aRU _bNLR _gpsbo |
|
| 801 | 1 |
_aRU _bELAR _2rusmarc |
|
| 852 |
_aNLR _j91-4/1614 |
||
| 942 | _cBOOK | ||
| 980 | _aNB | ||